Česká národní banka Výroční zpráva 1993

Enregistré dans:
Détails bibliographiques
Format: Livre
Langue:tchèque
Publié: Praha Česká národní banka 1994
Édition:1. vyd.
Sujets:
Tags: Ajouter un tag
Pas de tags, Soyez le premier à ajouter un tag!

MARC

LEADER 00000nam a2200000 4500
001 c005452
005 20221214074206.3
041 0 |a cze 
044 |a CZ 
245 1 0 |a Česká národní banka  |b Výroční zpráva 1993 
250 |a 1. vyd. 
264 1 |a Praha  |b Česká národní banka  |c 1994 
300 |a 113 s. 
610 2 0 |a banky 
610 2 0 |a Česko 
610 2 0 |a ČNB Praha 
610 2 0 |a politika finančná 
610 2 0 |a vývoj hospodársky 
610 2 0 |a mena 
610 2 0 |a údaje štatistické 
610 2 0 |a štruktúra organizačná